NHL 1990's Top Point Scorers - Statistics

General Stats
  • This quiz has been taken 1,845 times
    339 since last reset
  • The average score is 11 of 20
Answer Stats
Points Player % Correct
940 Wayne Gretzky
98%
928 Jaromir Jagr
92%
703 Mario Lemieux
91%
773 Mark Messier
85%
896 Steve Yzerman
84%
895 Joe Sakic
74%
873 Brett Hull
73%
734 Mike Modano
62%
746 Mats Sundin
57%
822 Ron Francis
55%
724 Brendan Shanahan
53%
752 Luc Robitaille
51%
902 Adam Oates
42%
866 Mark Recchi
42%
713 Alexander Mogilny
39%
785 Doug Gilmour
37%
793 Jeremy Roenick
36%
822 Theoren Fleury
27%
858 Pierre Turgeon
25%
761 Vincent Damphousse
23%
No matching quizzes found
Score Distribution
Percent of People with Each Score
Percentile by Number Answered
Your Score History
You have not taken this quiz since the last reset